000 00836nam a2200277 i 4500
001 91956
003 ES-MaACL
005 20230906180849.0
007 t|
008 050310s2003 sp ||||1| spa d
020 _a84-8460-301-6
080 _a929 Negrín, Juan
080 _a94(460)"1931/39"
100 1 _aMiralles, Ricardo.
_981490
245 1 0 _aJuan Negrín
_b: la República en guerra /
_cRicardo Miralles.
250 _a1ª ed.
260 _aMadrid :
_bTemas de Hoy,
_c2003.
300 _a423 p. ;
_c24 cm.
490 1 _aBiografías
504 _aBibliografía: p. 415-416.
600 1 4 _aNegrín, Juan,
_d1892-1956-
_xBiografías
_985308
651 4 _aEspaña-
_xHistoria-
_y1931-1939, II República.
_98283
830 0 _aBiografías
_9180531
852 _aES-MaACL
_jL-29020
_bR.135546
999 _c91956
_d91956